000 00870nam a2200241Ia 4500
999 _c45371
_d45371
003 GCL
005 20240530104206.0
008 140319s9999 xx 000 0 ara d
040 _aGCL /
_cGCL
082 0 4 _a250
_bق ف
100 1 _aابن رشد ، ابى الوليد القرطبى
245 1 0 _aكشاف المواد الفقهية البيان والتحصيل /
_cابن رشد : ابوالوليد محمد بن احمد بن محمد الاندلسى القرطبى ؛ عبدالفتاح محمد الحلو
260 _bدار الغرب الاسلامى،
300 _aمجلدات
650 0 4 _aالاسلام
650 0 4 _aالفقه
650 0 4 _aالصلاة
650 0 4 _aالشريعة الاسلامية
650 0 4 _aالوضوء
650 0 4 _aالفهارس
700 1 _aعبدالفتاح محمد الحلو
942 _2ddc
_cBK